00683nam a2200133 a 450000100100000000500170001000800410002704000250006808200140009310000320010724503170013926000740045630000190053000003602120200930074815.0110523s1956 dr 000 | fre d aDO-SdBNPbfrecBNPHU axxxbD6111 aÁlvarez Sánchez, Virgio10aDiscours prononce le 24 de octobre 1956 a ciudad Trujillo par Me. Virgio Álvarez Sanchez, Secretaire d´etat des finances et president du conseil monetaire de la Republique Dominicaine, a l´inauguration solennelle de l´edifice de la Banque Centrale d´emission de la Republique /cVirgio Álvarez Sánchez. aCiudad Trujillo, República Dominicana :bEditora del Caribe,c1956. a12 p ;c24 cm.